[Event "Bundesliga 9798"]
[Site "Deutschland"]
[Date "1997.??.??"]
[Round "?.6"]
[White "Thinius, Marco"]
[Black "Dinstuhl, Volkmar"]
[Result "1-0"]
[WhiteElo "2310"]
[BlackElo "2410"]
[PlyCount "77"]
[EventDate "1997.10.??"]
[EventType "team"]
[EventRounds "15"]
[EventCountry "GER"]
[SourceTitle "Bundesliga 9798"]
[Source "DeepChess"]
[SourceDate "2005.01.01"]
[SourceVersion "1"]
[SourceVersionDate "2005.01.01"]
[SourceQuality "1"]
[WhiteTeam "SV Empor Berlin e.V."]
[BlackTeam "SV Castrop Rauxel 1923"]
[WhiteTeamCountry "GER"]
[BlackTeamCountry "GER"]

1. Nf3 Nf6 2. c4 g6 3. Nc3 d5 4. cxd5 Nxd5 5. e4 Nxc3 6. dxc3 Qxd1+ 7. Kxd1 f6
8. Be3 e5 9. Nd2 Nd7 10. Nb3 Bd6 11. Kc2 Ke7 12. h4 h5 13. Bc4 a5 14. a4 Nf8
15. Rhe1 Ne6 16. g3 Bd7 17. f3 b6 18. f4 Raf8 19. Rf1 Bc6 20. Bd5 Bxd5 21. exd5
Ng7 22. fxe5 Bxe5 23. Nd4 Kd6 24. c4 Bxd4 25. Bxd4 Nf5 26. Bf2 Re8 27. Rae1 Re5
28. Kd3 Rhe8 29. b3 c6 30. Rxe5 fxe5 31. Re1 cxd5 32. cxd5 Kxd5 33. Bxb6 Rb8
34. Rxe5+ Kc6 35. Re6+ Nd6 36. Bxa5 Kd5 37. Rxg6 Rxb3+ 38. Ke2 Ra3 39. Rxd6+
1-0

[Event "Bundesliga 9798"]
[Site "Deutschland"]
[Date "1997.??.??"]
[Round "?.7"]
[White "Brendel, Oliver"]
[Black "Richter, Michael"]
[Result "0-1"]
[WhiteElo "2425"]
[BlackElo "2370"]
[PlyCount "58"]
[EventDate "1997.10.??"]
[EventType "team"]
[EventRounds "15"]
[EventCountry "GER"]
[SourceTitle "Bundesliga 9798"]
[Source "DeepChess"]
[SourceDate "2005.01.01"]
[SourceVersion "1"]
[SourceVersionDate "2005.01.01"]
[SourceQuality "1"]
[WhiteTeam "SV Castrop Rauxel 1923"]
[BlackTeam "SV Empor Berlin e.V."]
[WhiteTeamCountry "GER"]
[BlackTeamCountry "GER"]

1. e4 c5 2. Nf3 Nc6 3. Nc3 Nf6 4. Bb5 e6 5. O-O Be7 6. Bxc6 bxc6 7. e5 Nd5 8.
Ne4 Ba6 9. d3 c4 10. b3 f5 11. Nd6+ Bxd6 12. exd6 c3 13. Qe1 f4 14. a4 Rc8 15.
Qe4 O-O 16. Nd4 Qf6 17. Ba3 c5 18. Nf3 Bb7 19. Ne5 Qd8 20. d4 Ba8 21. Qd3 f3
22. g3 cxd4 23. Qxd4 Rf5 24. Rae1 Qf6 25. Bc5 Qh6 26. h4 Nf4 27. Nxd7 Ne2+ 28.
Rxe2 fxe2 29. Re1 Qd2 0-1

[Event "Bundesliga 9798"]
[Site "Deutschland"]
[Date "1997.??.??"]
[Round "?.8"]
[White "Deev, Andrei"]
[Black "Hennig, Dirk"]
[Result "0-1"]
[WhiteElo "2400"]
[BlackElo "2435"]
[PlyCount "112"]
[EventDate "1997.10.??"]
[EventType "team"]
[EventRounds "15"]
[EventCountry "GER"]
[SourceTitle "Bundesliga 9798"]
[Source "DeepChess"]
[SourceDate "2005.01.01"]
[SourceVersion "1"]
[SourceVersionDate "2005.01.01"]
[SourceQuality "1"]
[WhiteTeam "SV Empor Berlin e.V."]
[BlackTeam "SV Castrop Rauxel 1923"]
[WhiteTeamCountry "GER"]
[BlackTeamCountry "GER"]

1. e4 g6 2. d4 Bg7 3. Nf3 c6 4. h3 d5 5. e5 Nh6 6. Bf4 f6 7. Qd2 Nf7 8. exf6
exf6 9. Bd3 O-O 10. O-O Re8 11. c4 Be6 12. Na3 Nd7 13. b3 Nf8 14. Nc2 g5 15.
Bh2 Nd6 16. Ne3 Ne4 17. Qc2 Rc8 18. Rfe1 Ng6 19. Rad1 Qd7 20. Nf1 Bf5 21. Ng3
Nxg3 22. Bxg3 Bxd3 23. Qxd3 Kf7 24. Nd2 Rxe1+ 25. Rxe1 Re8 26. Rxe8 Kxe8 27. c5
Qe6 28. b4 a6 29. Kf1 f5 30. Bd6 Bf8 31. Bb8 Kd7 32. Nf3 Be7 33. Ne5+ Nxe5 34.
dxe5 Qg6 35. Bd6 f4 36. Qxg6 hxg6 37. Ke2 Bd8 38. Kf3 Ke6 39. Kg4 d4 40. Kf3
Kd5 41. Ke2 a5 42. a3 a4 43. Kd3 b6 44. cxb6 Bxb6 45. Be7 g4 46. hxg4 Kxe5 47.
Bg5 c5 48. g3 fxg3 49. fxg3 cxb4 50. axb4 a3 51. Bc1 a2 52. Bb2 Kd5 53. Ba1 Bc7
54. b5 Be5 55. b6 Kc6 56. Kd2 Kxb6 0-1

[Event "Bundesliga 9798"]
[Site "Deutschland"]
[Date "1998.??.??"]
[Round "?.2"]
[White "King, Daniel J"]
[Black "Votava, Jan"]
[Result "0-1"]
[WhiteElo "2530"]
[BlackElo "2515"]
[PlyCount "77"]
[EventDate "1997.10.??"]
[EventType "team"]
[EventRounds "15"]
[EventCountry "GER"]
[SourceTitle "Bundesliga 9798"]
[Source "DeepChess"]
[SourceDate "2005.01.01"]
[SourceVersion "1"]
[SourceVersionDate "2005.01.01"]
[SourceQuality "1"]
[WhiteTeam "SV Castrop Rauxel 1923"]
[BlackTeam "SV Erfurt West 90"]
[WhiteTeamCountry "GER"]
[BlackTeamCountry "GER"]

1. e4 c5 2. Nf3 e6 3. Qe2 Nc6 4. g3 d5 5. d3 Nd4 6. Nxd4 cxd4 7. Bg2 dxe4 8.
dxe4 Ne7 9. O-O Nc6 10. e5 Bd7 11. Nd2 Rc8 12. Nf3 Bc5 13. a3 a5 14. Qe4 Qb6
15. Qg4 Bf8 16. b3 g6 17. Bg5 Bg7 18. Bf6 O-O 19. Qh4 h6 20. Rae1 Qc5 21. Re4
Qxc2 22. Bxg7 Kxg7 23. Qf6+ Kg8 24. Nh4 Be8 25. Rf4 Rc7 26. Nf3 Rd7 27. Rh4 Qf5
28. Rxh6 Qxf6 29. exf6 Rd5 30. Nd2 Rf5 31. Ne4 Ne5 32. Rd1 Bc6 33. Rxd4 Bxe4
34. Rxe4 Nd7 35. Rd4 Nxf6 36. Bxb7 Rb5 37. Ba6 Rxb3 38. a4 Nh5 39. g4 $138 0-1

[Event "Bundesliga 9798"]
[Site "Deutschland"]
[Date "1998.??.??"]
[Round "?.3"]
[White "Casper, Thomas"]
[Black "Watson, William N"]
[Result "0-1"]
[WhiteElo "2415"]
[BlackElo "2535"]
[PlyCount "122"]
[EventDate "1997.10.??"]
[EventType "team"]
[EventRounds "15"]
[EventCountry "GER"]
[SourceTitle "Bundesliga 9798"]
[Source "DeepChess"]
[SourceDate "2005.01.01"]
[SourceVersion "1"]
[SourceVersionDate "2005.01.01"]
[SourceQuality "1"]
[WhiteTeam "SV Erfurt West 90"]
[BlackTeam "SV Castrop Rauxel 1923"]
[WhiteTeamCountry "GER"]
[BlackTeamCountry "GER"]

1. e4 d6 2. d4 g6 3. Nc3 Bg7 4. h3 Nf6 5. Nf3 O-O 6. Be2 c5 7. dxc5 Qa5 8. cxd6
Nxe4 9. dxe7 Re8 10. O-O Nxc3 11. bxc3 Nc6 12. Bd2 Bxc3 13. Bc4 Bf5 14. Re1
Bxd2 15. Qxd2 Qxd2 16. Nxd2 Rxe7 17. Rxe7 Nxe7 18. Bb3 Nc6 19. Nc4 Rd8 20. Ne3
Bc8 21. Rd1 Rxd1+ 22. Nxd1 Nd4 23. Kf1 Bd7 24. Ne3 g5 25. Bd5 b6 26. Ke1 Kg7
27. c3 Nb5 28. Kd2 f5 29. Bb3 Kf6 30. Ba4 Bc6 31. g3 f4 32. Ng4+ Ke6 33. Bb3+
Kd6 34. Nf6 h6 35. h4 gxh4 36. gxh4 Bf3 37. Bc4 Nc7 38. Be2 Bxe2 39. Kxe2 Ke6
40. Ne4 Ke5 41. Kd3 Ne6 42. f3 h5 43. Kc4 Nf8 44. Kb5 Ng6 45. Ka6 Nxh4 46. Kxa7
Nxf3 47. Nf2 Nd2 48. Kxb6 Ne4 49. Nd3+ Kf5 50. a4 h4 51. a5 h3 52. a6 h2 53. a7
h1=Q 54. a8=Q Qb1+ 55. Nb4 Qg1+ 56. Kb5 Qc5+ 57. Ka4 f3 58. Qd5+ Qxd5 59. Nxd5
f2 60. Kb3 Nd2+ 61. Kc2 Nc4 0-1

[Event "Bundesliga 9798"]
[Site "Deutschland"]
[Date "1998.??.??"]
[Round "?.5"]
[White "Mueller, Matthias"]
[Black "Dinstuhl, Volkmar"]
[Result "1/2-1/2"]
[WhiteElo "2400"]
[BlackElo "2410"]
[PlyCount "73"]
[EventDate "1997.10.??"]
[EventType "team"]
[EventRounds "15"]
[EventCountry "GER"]
[SourceTitle "Bundesliga 9798"]
[Source "DeepChess"]
[SourceDate "2005.01.01"]
[SourceVersion "1"]
[SourceVersionDate "2005.01.01"]
[SourceQuality "1"]
[WhiteTeam "SV Erfurt West 90"]
[BlackTeam "SV Castrop Rauxel 1923"]
[WhiteTeamCountry "GER"]
[BlackTeamCountry "GER"]

1. e4 c5 2. Nf3 d6 3. d4 cxd4 4. Nxd4 Nf6 5. Nc3 a6 6. Bg5 e6 7. f4 Nc6 8. Nxc6
bxc6 9. e5 h6 10. Bh4 g5 11. fxg5 Nd5 12. Ne4 Qb6 13. Bd3 hxg5 14. Bf2 Qxb2 15.
O-O Qxe5 16. Bg3 Qd4+ 17. Kh1 f5 18. c3 Nxc3 19. Nxc3 Qxc3 20. Rc1 Qg7 21. Rxc6
f4 22. Qc2 Bd7 23. Bf2 Be7 24. Bg6+ Kf8 25. Rc7 Be8 26. Be4 Rb8 27. Rb1 Rxb1+
28. Qxb1 Qe5 29. Bf3 d5 30. Ra7 Rh6 31. Ra8 Qc3 32. h3 Qc6 33. Qb8 Bd6 34. Qd8
Be7 35. Qb8 Bd6 36. Qd8 Be7 37. Qb8 1/2-1/2

[Event "Bundesliga 9798"]
[Site "Deutschland"]
[Date "1998.??.??"]
[Round "?.6"]
[White "Brendel, Oliver"]
[Black "Renner, Christoph"]
[Result "1-0"]
[WhiteElo "2425"]
[BlackElo "2415"]
[PlyCount "85"]
[EventDate "1997.10.??"]
[EventType "team"]
[EventRounds "15"]
[EventCountry "GER"]
[SourceTitle "Bundesliga 9798"]
[Source "DeepChess"]
[SourceDate "2005.01.01"]
[SourceVersion "1"]
[SourceVersionDate "2005.01.01"]
[SourceQuality "1"]
[WhiteTeam "SV Castrop Rauxel 1923"]
[BlackTeam "SV Erfurt West 90"]
[WhiteTeamCountry "GER"]
[BlackTeamCountry "GER"]

1. e4 e6 2. d4 d5 3. Nc3 Bb4 4. Bd2 Ne7 5. e5 c5 6. dxc5 Nbc6 7. Nf3 Ng6 8. Nb5
Bxc5 9. Bc3 O-O 10. h4 a6 11. Nbd4 Ngxe5 12. Nxe5 Nxe5 13. Qh5 Ng6 14. O-O-O
Re8 15. Nf3 h6 16. Ng5 hxg5 17. hxg5 d4 18. Rxd4 Qxd4 19. Bxd4 Bxd4 20. Bd3 Bd7
21. Bxg6 fxg6 22. Qxg6 Bc6 23. c3 Be5 24. Re1 Bf4+ 25. Kb1 Bxg2 26. Qh5 Bc6 27.
Qg4 e5 28. g6 Rad8 29. Qf5 Bd5 30. b3 Be6 31. Qh5 Kf8 32. Qh8+ Bg8 33. Re2 Re6
34. Qh5 Rde8 35. c4 Rf6 36. Re1 Be6 37. Qh8+ Bg8 38. Qh5 Be6 39. Qh8+ Bg8 40.
Qh5 Re7 41. Rd1 Re8 42. Rd7 Bh6 43. Qxh6 1-0

[Event "Bundesliga 9798"]
[Site "Deutschland"]
[Date "1998.??.??"]
[Round "?.8"]
[White "Hermesmann, Hans"]
[Black "Fuhrmann, Daniel"]
[Result "0-1"]
[WhiteElo "2280"]
[BlackElo "2295"]
[PlyCount "71"]
[EventDate "1997.10.??"]
[EventType "team"]
[EventRounds "15"]
[EventCountry "GER"]
[SourceTitle "Bundesliga 9798"]
[Source "DeepChess"]
[SourceDate "2005.01.01"]
[SourceVersion "1"]
[SourceVersionDate "2005.01.01"]
[SourceQuality "1"]
[WhiteTeam "SV Castrop Rauxel 1923"]
[BlackTeam "SV Erfurt West 90"]
[WhiteTeamCountry "GER"]
[BlackTeamCountry "GER"]

1. d4 d5 2. c4 e6 3. Nc3 Nf6 4. cxd5 exd5 5. Bg5 Be7 6. e3 c6 7. Bd3 Nbd7 8.
Qc2 O-O 9. Nf3 Re8 10. h3 Nf8 11. O-O Bd6 12. Rae1 Be6 13. Ne5 Rc8 14. f4 Be7
15. f5 Bd7 16. e4 c5 17. exd5 cxd4 18. d6 Bxd6 19. Nxf7 Qb6 20. Rxe8 Bxe8 21.
Na4 Rxc2 22. Nxb6 Bxf7 23. Bxc2 axb6 24. a3 N8d7 25. b4 Nd5 26. Be4 N7f6 27.
Bf3 h6 28. Bd2 b5 29. Rc1 Nb6 30. Bxb7 Nc4 31. Rd1 Be5 32. Bc1 Nd5 33. Bc6 Nc3
34. Re1 d3 35. Rxe5 Nxe5 36. Bb2 0-1

[Event "Bundesliga 9798"]
[Site "Deutschland"]
[Date "1998.??.??"]
[Round "?.1"]
[White "Kupreichik, Viktor D"]
[Black "Rozentalis, Eduardas"]
[Result "1/2-1/2"]
[WhiteElo "2500"]
[BlackElo "2645"]
[PlyCount "156"]
[EventDate "1997.10.??"]
[EventType "team"]
[EventRounds "15"]
[EventCountry "GER"]
[SourceTitle "Bundesliga 9798"]
[Source "DeepChess"]
[SourceDate "2005.01.01"]
[SourceVersion "1"]
[SourceVersionDate "2005.01.01"]
[SourceQuality "1"]
[WhiteTeam "SVG Plettenberg"]
[BlackTeam "SV Castrop Rauxel 1923"]
[WhiteTeamCountry "GER"]
[BlackTeamCountry "GER"]

1. e4 e5 2. Nf3 Nf6 3. Nxe5 d6 4. Nf3 Nxe4 5. c4 Be7 6. d4 O-O 7. Bd3 Ng5 8.
Ng1 Bf6 9. Ne2 Bg4 10. f3 Bh5 11. O-O Ne6 12. Be4 c6 13. Nbc3 Bg6 14. Be3 Nd7
15. d5 cxd5 16. Qxd5 Nb6 17. Qb5 Nc5 18. Bxg6 hxg6 19. Rad1 Qe7 20. Bf4 Rfd8
21. Rfe1 Rac8 22. b3 Be5 23. Qa5 Qf6 24. Qxa7 Bxc3 25. Nxc3 d5 26. Be5 Qc6 27.
cxd5 Nxd5 28. Nxd5 Rxd5 29. Rxd5 Qxd5 30. Bg3 Qd2 31. h3 f5 32. Qb6 Kh7 33. Re7
Rc6 34. Qb5 f4 35. Be1 Qd6 36. Re2 Ne6 37. Qb4 Qd1 38. Qd2 Qa1 39. Kh2 Nd4 40.
Re4 Ne6 41. Qd5 Qf6 42. b4 Nc7 43. Qe5 Qxe5 44. Rxe5 Ra6 45. Bd2 Rxa2 46. Bxf4
Rb2 47. Re4 Nd5 48. Bd6 Rd2 49. h4 Rd3 50. Kh3 Rd1 51. g4 Rd2 52. Re8 Rb2 53.
Re4 Rd2 54. Bc5 b6 55. Bd6 Rd3 56. Kg3 Rd2 57. Be5 b5 58. Bd4 Kg8 59. Bc5 Kh7
60. Re8 Rb2 61. Re4 Nc3 62. Re5 Ne2+ 63. Kf2 Nf4+ 64. Ke3 Ng2+ 65. Ke4 Nxh4 66.
f4 Rg2 67. Be7 Rxg4 68. Bxh4 Rxh4 69. Rxb5 Rh1 70. Rc5 Rb1 71. b5 Kh6 72. Kd5
g5 73. fxg5+ Kxg5 74. Kc6+ Kf4 75. b6 Rxb6+ 76. Kxb6 g5 77. Kc6 g4 78. Kd5 g3
1/2-1/2

[Event "Bundesliga 9798"]
[Site "Deutschland"]
[Date "1998.??.??"]
[Round "?.2"]
[White "Van der Sterren, Paul"]
[Black "Dydyshko, Viacheslav"]
[Result "1-0"]
[WhiteElo "2555"]
[BlackElo "2490"]
[PlyCount "101"]
[EventDate "1997.10.??"]
[EventType "team"]
[EventRounds "15"]
[EventCountry "GER"]
[SourceTitle "Bundesliga 9798"]
[Source "DeepChess"]
[SourceDate "2005.01.01"]
[SourceVersion "1"]
[SourceVersionDate "2005.01.01"]
[SourceQuality "1"]
[WhiteTeam "SV Castrop Rauxel 1923"]
[BlackTeam "SVG Plettenberg"]
[WhiteTeamCountry "GER"]
[BlackTeamCountry "GER"]

1. d4 Nf6 2. c4 g6 3. Nc3 Bg7 4. e4 d6 5. Nf3 O-O 6. Be2 e5 7. O-O Nc6 8. d5
Ne7 9. b4 Nh5 10. Re1 c6 11. Nd2 Nf4 12. Bf1 Kh8 13. a4 h6 14. Nb3 cxd5 15.
cxd5 g5 16. a5 Neg6 17. a6 bxa6 18. Na5 Ne7 19. Ba3 Bd7 20. Bxa6 f5 21. Bb7 Rb8
22. Nc6 Qb6 23. Nxb8 Rxb8 24. Bc6 Nxc6 25. dxc6 Qxc6 26. Qd2 Rc8 27. Bb2 fxe4
28. Nxe4 d5 29. Rac1 Qg6 30. Nc5 Rxc5 31. Rxc5 Qd6 32. Qc2 d4 33. Qe4 Kg8 34.
Bc1 a5 35. Bxf4 gxf4 36. Qd5+ Qxd5 37. Rxd5 Be6 38. Rxa5 d3 39. f3 e4 40. fxe4
Bd4+ 41. Kh1 Bb3 42. Rd5 Bxd5 43. exd5 Be3 44. Rd1 d2 45. b5 Kf7 46. b6 Bxb6
47. Rxd2 Ke7 48. d6+ Kd7 49. Rd5 Be3 50. h4 Bf2 51. h5 1-0

[Event "Bundesliga 9798"]
[Site "Deutschland"]
[Date "1998.??.??"]
[Round "?.3"]
[White "Baumegger, Siegfried"]
[Black "Conquest, Stuart"]
[Result "0-1"]
[WhiteElo "2485"]
[BlackElo "2500"]
[PlyCount "54"]
[EventDate "1997.10.??"]
[EventType "team"]
[EventRounds "15"]
[EventCountry "GER"]
[SourceTitle "Bundesliga 9798"]
[Source "DeepChess"]
[SourceDate "2005.01.01"]
[SourceVersion "1"]
[SourceVersionDate "2005.01.01"]
[SourceQuality "1"]
[WhiteTeam "SVG Plettenberg"]
[BlackTeam "SV Castrop Rauxel 1923"]
[WhiteTeamCountry "GER"]
[BlackTeamCountry "GER"]

1. c4 g6 2. d4 Bg7 3. e4 d6 4. Nc3 Nf6 5. Nf3 O-O 6. Be2 Na6 7. O-O e5 8. Be3
Ng4 9. Bg5 Qe8 10. h3 h6 11. Bd2 exd4 12. Nd5 c6 13. hxg4 cxd5 14. exd5 d3 15.
Bxd3 Bxg4 16. Re1 Qd8 17. Be2 Nc5 18. Be3 Bxb2 19. Bxh6 Re8 20. Bg5 Qa5 21. Bd2
Qa3 22. Bc1 Bxf3 23. gxf3 Re7 24. Qd2 Bxc1 25. Raxc1 Rae8 26. Rcd1 Na4 27. Rb1
Nc3 0-1

[Event "Bundesliga 9798"]
[Site "Deutschland"]
[Date "1998.??.??"]
[Round "?.4"]
[White "Hoffmann, Michael"]
[Black "Luecke, Norbert"]
[Result "1-0"]
[WhiteElo "2440"]
[BlackElo "2375"]
[PlyCount "55"]
[EventDate "1997.10.??"]
[EventType "team"]
[EventRounds "15"]
[EventCountry "GER"]
[SourceTitle "Bundesliga 9798"]
[Source "DeepChess"]
[SourceDate "2005.01.01"]
[SourceVersion "1"]
[SourceVersionDate "2005.01.01"]
[SourceQuality "1"]
[WhiteTeam "SV Castrop Rauxel 1923"]
[BlackTeam "SVG Plettenberg"]
[WhiteTeamCountry "GER"]
[BlackTeamCountry "GER"]

1. e4 e6 2. d4 d5 3. Nd2 dxe4 4. Nxe4 Nd7 5. g3 Ngf6 6. Nxf6+ Nxf6 7. Bg2 c5 8.
Nf3 Qa5+ 9. c3 cxd4 10. Nxd4 Be7 11. O-O O-O 12. Qe2 a6 13. c4 Qb6 14. Rd1 e5
15. Qxe5 Bc5 16. b4 Qxb4 17. Nc2 Qxc4 18. Ne3 Qb4 19. Bd2 Qd4 20. Qxd4 Bxd4 21.
Rab1 Be6 22. Rxb7 Rab8 23. Bb4 Rxb7 24. Bxb7 Rd8 25. Bc5 Bxc5 26. Rxd8+ Bf8 27.
a4 a5 28. Ra8 1-0

[Event "Bundesliga 9798"]
[Site "Deutschland"]
[Date "1998.??.??"]
[Round "?.5"]
[White "Schroll, Gerhard"]
[Black "Appel, Ralf"]
[Result "1-0"]
[WhiteElo "2405"]
[BlackElo "2495"]
[PlyCount "69"]
[EventDate "1997.10.??"]
[EventType "team"]
[EventRounds "15"]
[EventCountry "GER"]
[SourceTitle "Bundesliga 9798"]
[Source "DeepChess"]
[SourceDate "2005.01.01"]
[SourceVersion "1"]
[SourceVersionDate "2005.01.01"]
[SourceQuality "1"]
[WhiteTeam "SVG Plettenberg"]
[BlackTeam "SV Castrop Rauxel 1923"]
[WhiteTeamCountry "GER"]
[BlackTeamCountry "GER"]

1. d4 Nf6 2. c4 d6 3. Nc3 e5 4. Nf3 Nbd7 5. g3 Be7 6. Bg2 O-O 7. O-O c6 8. e4
Re8 9. h3 Bf8 10. Be3 a6 11. d5 cxd5 12. cxd5 b5 13. Nd2 Nb6 14. a4 bxa4 15.
Nxa4 Nxa4 16. Qxa4 Bd7 17. Qa3 Bb5 18. Rfc1 Rc8 19. Rc3 Re7 20. Bf1 Rec7 21.
Bxb5 Rxc3 22. bxc3 axb5 23. Qb4 Ra8 24. Rb1 Qc8 25. Kg2 Ra2 26. Rb3 Rc2 27. Ra3
h5 28. Qb3 b4 29. cxb4 h4 30. b5 hxg3 31. b6 Rc1 32. b7 Rg1+ 33. Kxg1 Qxh3 34.
fxg3 Qxg3+ 35. Kf1 1-0

[Event "Bundesliga 9798"]
[Site "Deutschland"]
[Date "1998.??.??"]
[Round "?.6"]
[White "Brendel, Oliver"]
[Black "Thiel, Thomas"]
[Result "1-0"]
[WhiteElo "2425"]
[BlackElo "2345"]
[PlyCount "80"]
[EventDate "1997.10.??"]
[EventType "team"]
[EventRounds "15"]
[EventCountry "GER"]
[SourceTitle "Bundesliga 9798"]
[Source "DeepChess"]
[SourceDate "2005.01.01"]
[SourceVersion "1"]
[SourceVersionDate "2005.01.01"]
[SourceQuality "1"]
[WhiteTeam "SV Castrop Rauxel 1923"]
[BlackTeam "SVG Plettenberg"]
[WhiteTeamCountry "GER"]
[BlackTeamCountry "GER"]

1. e4 e6 2. d4 d5 3. Nc3 Nf6 4. e5 Nfd7 5. f4 c5 6. Nf3 Nc6 7. Be3 a6 8. Qd2 b5
9. dxc5 Bxc5 10. Bxc5 Nxc5 11. Qf2 Qb6 12. Bd3 b4 13. Ne2 b3 14. axb3 Nxd3+ 15.
cxd3 Qxb3 16. Qc5 Bd7 17. O-O Qxd3 18. Nc3 Rc8 19. Rfd1 Qc2 20. Qd6 Qxb2 21.
Ne4 Qb6+ 22. Kh1 Qc7 23. Nc5 Nb8 24. Rdc1 Qxd6 25. exd6 f6 26. Rab1 O-O 27. Nd4
e5 28. Nde6 Bxe6 29. Nxe6 Rxc1+ 30. Rxc1 Re8 31. f5 d4 32. Kg1 g6 33. g4 gxf5
34. gxf5 d3 35. Kf2 e4 36. Ke3 Nd7 37. Kxe4 d2 38. Rd1 Nc5+ 39. Kd5 Nb3 40. d7
Rb8 1-0

[Event "Bundesliga 9798"]
[Site "Deutschland"]
[Date "1998.??.??"]
[Round "?.7"]
[White "Oswald, Hans Joachim"]
[Black "Hennig, Dirk"]
[Result "1/2-1/2"]
[WhiteElo "2330"]
[BlackElo "2435"]
[PlyCount "53"]
[EventDate "1997.10.??"]
[EventType "team"]
[EventRounds "15"]
[EventCountry "GER"]
[SourceTitle "Bundesliga 9798"]
[Source "DeepChess"]
[SourceDate "2005.01.01"]
[SourceVersion "1"]
[SourceVersionDate "2005.01.01"]
[SourceQuality "1"]
[WhiteTeam "SVG Plettenberg"]
[BlackTeam "SV Castrop Rauxel 1923"]
[WhiteTeamCountry "GER"]
[BlackTeamCountry "GER"]

1. Nf3 g6 2. c4 Bg7 3. g3 c5 4. Bg2 Nc6 5. O-O e6 6. Nc3 Nge7 7. e3 Nf5 8. b3
O-O 9. Bb2 d6 10. Qe2 Rb8 11. Rac1 a6 12. d3 b6 13. Rfd1 Bb7 14. g4 Nh4 15.
Nxh4 Qxh4 16. f4 Ne7 17. Bxb7 Rxb7 18. Qg2 d5 19. Rf1 Rd7 20. Rf3 h5 21. gxh5
Qxh5 22. Rcf1 f5 23. Rh3 Qg4 24. Rg3 Qh4 25. Rh3 Qg4 26. Rg3 Qh4 27. Rh3
1/2-1/2

[Event "Bundesliga 9798"]
[Site "Deutschland"]
[Date "1998.??.??"]
[Round "?.8"]
[White "Hermesmann, Hans"]
[Black "Schlecht, Daniel"]
[Result "1-0"]
[WhiteElo "2280"]
[BlackElo "2270"]
[PlyCount "63"]
[EventDate "1997.10.??"]
[EventType "team"]
[EventRounds "15"]
[EventCountry "GER"]
[SourceTitle "Bundesliga 9798"]
[Source "DeepChess"]
[SourceDate "2005.01.01"]
[SourceVersion "1"]
[SourceVersionDate "2005.01.01"]
[SourceQuality "1"]
[WhiteTeam "SV Castrop Rauxel 1923"]
[BlackTeam "SVG Plettenberg"]
[WhiteTeamCountry "GER"]
[BlackTeamCountry "GER"]

1. d4 Nf6 2. c4 e6 3. Nc3 Bb4 4. e3 c5 5. Bd3 Nc6 6. Nf3 Bxc3+ 7. bxc3 d6 8.
O-O e5 9. Nd2 O-O 10. Rb1 cxd4 11. cxd4 exd4 12. exd4 Nxd4 13. Ne4 Nxe4 14.
Bxe4 Ne6 15. Qh5 h6 16. Bxh6 gxh6 17. Qxh6 f5 18. Qg6+ Kh8 19. Bxf5 Qe7 20.
Rfe1 Rf6 21. Qh5+ Kg8 22. Rb3 Qf7 23. Bxe6 Rxe6 24. Rg3+ Kf8 25. Qh8+ Ke7 26.
Rxe6+ Kxe6 27. Qh6+ Ke5 28. Re3+ Kd4 29. Qxd6+ Kxc4 30. Re4+ Kc3 31. Qd4+ Kc2
32. Re2+ 1-0

[Event "Bundesliga 9798"]
[Site "Deutschland"]
[Date "1997.??.??"]
[Round "?.1"]
[White "Rozentalis, Eduardas"]
[Black "Womacka, Mathias"]
[Result "1-0"]
[WhiteElo "2645"]
[BlackElo "2475"]
[PlyCount "95"]
[EventDate "1997.10.??"]
[EventType "team"]
[EventRounds "15"]
[EventCountry "GER"]
[SourceTitle "Bundesliga 9798"]
[Source "DeepChess"]
[SourceDate "2005.01.01"]
[SourceVersion "1"]
[SourceVersionDate "2005.01.01"]
[SourceQuality "1"]
[WhiteTeam "SV Castrop Rauxel 1923"]
[BlackTeam "USG Chemnitz"]
[WhiteTeamCountry "GER"]
[BlackTeamCountry "GER"]

1. e4 c5 2. c3 d5 3. exd5 Qxd5 4. d4 Nf6 5. Nf3 e6 6. Be3 Ng4 7. Nbd2 Nxe3 8.
fxe3 Nd7 9. Bc4 Qc6 10. O-O Be7 11. Bd3 O-O 12. Nc4 f5 13. Qb3 Rb8 14. Nce5 Qb6
15. Nxd7 Bxd7 16. Ne5 Rbd8 17. Bc4 Bc8 18. Qxb6 axb6 19. a4 g5 20. a5 bxa5 21.
Rxa5 cxd4 22. exd4 Kg7 23. Re1 Bd6 24. Rb5 Bc7 25. Nd3 b6 26. Rb3 Kf6 27. Ne5
Bb7 28. Ng4+ Kg7 29. Rxe6 Rde8 30. Ne3 Rxe6 31. Bxe6 f4 32. Nc4 f3 33. gxf3
Bxf3 34. Nxb6 Re8 35. Bc4 g4 36. Bd5 Re1+ 37. Kf2 Re2+ 38. Kf1 Rxh2 39. Bxf3
gxf3 40. c4 f2 41. Nd5 Bd8 42. Rg3+ Kh6 43. Ne3 Kh5 44. Rg2 Rh3 45. Kxf2 Bf6
46. Nf5 Rb3 47. Ke1 Rb4 48. c5 1-0

[Event "Bundesliga 9798"]
[Site "Deutschland"]
[Date "1997.??.??"]
[Round "?.2"]
[White "Roesch, Arnd"]
[Black "Van der Sterren, Paul"]
[Result "0-1"]
[WhiteElo "2350"]
[BlackElo "2555"]
[PlyCount "98"]
[EventDate "1997.10.??"]
[EventType "team"]
[EventRounds "15"]
[EventCountry "GER"]
[SourceTitle "Bundesliga 9798"]
[Source "DeepChess"]
[SourceDate "2005.01.01"]
[SourceVersion "1"]
[SourceVersionDate "2005.01.01"]
[SourceQuality "1"]
[WhiteTeam "USG Chemnitz"]
[BlackTeam "SV Castrop Rauxel 1923"]
[WhiteTeamCountry "GER"]
[BlackTeamCountry "GER"]

1. d4 Nf6 2. Nf3 d5 3. g3 c6 4. Bg2 Bf5 5. O-O e6 6. Nbd2 h6 7. b3 Be7 8. Bb2
O-O 9. Ne5 Nbd7 10. Re1 Nxe5 11. dxe5 Nd7 12. e4 Bh7 13. Qe2 Qa5 14. a3 dxe4
15. b4 Qc7 16. Bxe4 Bxe4 17. Qxe4 a5 18. Nb3 axb4 19. axb4 Nb6 20. Nc5 Nd5 21.
Nd3 b5 22. Rec1 Qb7 23. c4 bxc4 24. Qxc4 Rxa1 25. Bxa1 Qb5 26. Bd4 Bxb4 27.
Qxb5 cxb5 28. Rb1 Bc3 29. Bxc3 Nxc3 30. Rb3 Ne2+ 31. Kf1 Nd4 32. Rb4 Rd8 33.
Nf4 g6 34. Ne2 Nxe2 35. Kxe2 Rd5 36. f4 g5 37. Ke3 Kg7 38. Rb2 Kg6 39. Ke4 Rc5
40. Rf2 Rc4+ 41. Kd3 gxf4 42. gxf4 Kf5 43. Rb2 Rxf4 44. Rxb5 Rf2 45. Ke3 Rxh2
46. Rb7 Kg6 47. Rb8 Rh5 48. Ke4 Rf5 49. Rg8+ Kh7 0-1